Statistics for Guess Countries on the Target #4

Click here to take the quiz!

General Stats

  • This quiz has been taken 43 times
  • The average score is 43 of 72

Answers on the Map

Answers color-coded by a green-red scale on the quiz's map according to % correct below.
 

Answer Stats

Country% Correct
United States
95%
Russia
92%
Canada
87%
China
82%
Brazil
79%
Mexico
79%
Egypt
74%
Libya
74%
South Africa
74%
Algeria
72%
France
72%
India
72%
Australia
69%
Argentina
67%
Chad
64%
Democratic Republic
of the Congo
64%
Norway
64%
Saudi Arabia
64%
Spain
64%
Vietnam
64%
Central African Republic
62%
Chile
62%
Germany
62%
Iran
62%
Japan
62%
Mongolia
62%
Pakistan
62%
Sudan
62%
Thailand
62%
Afghanistan
59%
Bolivia
59%
Finland
59%
Indonesia
59%
Kazakhstan
59%
Republic of the Congo
59%
Sweden
59%
Tunisia
59%
Colombia
56%
Ivory Coast
56%
Mali
56%
Paraguay
56%
Peru
56%
Poland
56%
Portugal
56%
Turkey
56%
Uruguay
56%
Zimbabwe
56%
Angola
54%
Dominican Republic
54%
Laos
54%
Malaysia
54%
Oman
54%
Botswana
51%
Cambodia
51%
Czech Republic
51%
Denmark
51%
Greece
51%
Mozambique
51%
Namibia
51%
New Zealand
51%
Venezuela
51%
Belarus
49%
Burkina Faso
49%
Cape Verde
49%
Madagascar
49%
Papua New Guinea
49%
Kiribati
46%
Federated States of
Micronesia
44%
Marshall Islands
44%
Tanzania
44%
Vanuatu
44%
Ethiopia
41%

Score Distribution

Percentile by Number Answered

Percent of People with Each Score

Your Score History

You have not taken this quiz